Statistics for Chase Atlantic - Friends Lyrics

Click here to take the quiz!

General Stats

  • This quiz has been taken 512 times
  • The average score is 270 of 376

Answer Stats

HintAnswer% Correct
you
97%
friends
95%
I
94%
the
94%
your
94%
me
93%
tell
93%
Tell
93%
be
92%
on
91%
to
91%
what
90%
just
89%
Just
89%
no
89%
LyricsGirl
88%
with
88%
All
86%
and
86%
And
86%
other
85%
doing
84%
They
84%
for
83%
guy
83%
long
83%
too
83%
been
82%
side
82%
move
81%
of
81%
That
81%
that
81%
waiting
81%
have
80%
you're
80%
'Cause
79%
I'm
79%
it
79%
here
78%
must
78%
not
78%
now
77%
we
76%
ready
75%
are
74%
got
73%
were
71%
ain't
70%
in
69%
when
69%
patience
68%
chase
67%
This
67%
gone
66%
make
66%
eyes
65%
far
65%
girlfriends
65%
heavy
65%
need
65%
done
64%
look
64%
run
64%
sense
64%
way
64%
hell
63%
much
63%
you've
63%
Believe
62%
circles
62%
doesn't
61%
say
61%
wasted
61%
weren't
61%
never
60%
Running
60%
taste
60%
crave
59%
down
59%
sleeve
59%
babe
58%
Heart
58%
loved
58%
slow
58%
fine
57%
I'll
57%
know
57%
like
57%
want
57%
without
57%
But
56%
Face
56%
give
55%
Give
55%
my
55%
take
55%
once
51%
you'll
50%
tense
48%
word
48%
as
47%
pace
47%
stay
47%
busy
46%
guys
46%
realise
45%
sleeping
45%
let
44%
time
44%
space
43%
'round
40%
lying
39%
you'd
38%
Wish
37%
(Woo)
30%
Woo
30%

Score Distribution

Percentile by Number Answered

Percent of People with Each Score

Your Score History

You have not taken this quiz